000 00429nam a2200181Ia 4500
001 4711
005 20260306145815.0
008 260306t2014||||xx |||||||||||||| ||spa||
041 _aESP
082 _a330.01
_bCH556
100 _aChipana Rodríguez, Juan Andrés
_eAUT
245 0 _aEconomía general I
260 _c2014
300 _a282 páginas :
_c24 cm.
650 _aGEN
654 _aCAN
942 _cLIB
_dJUS
_fJUS
_2ddc
_n
999 _c4711
_d4711